Neskorá zmena pravidiel

Bibliographic Details
Main Author: Stanislav, Milan (Author)
Format: Article
Language:Slovak
Subjects:

MARC

LEADER 00000nab a2200000 a 4500
001 vtls000649813
003 SK-MaSNL
005 20260302183435.0
008 180206c1998 xo 0 slo
015 |a SNBRA1998/02-02956 
035 |a CLN000002008 
040 |a SNKBUCL  |b slo  |c SNKBUCL  |e AACR2 
041 0 |a slo 
044 |a xo  |c SK 
080 |a 324(437.6):340.133  |2 UDC-MRF-SK2 
100 1 |a Stanislav, Milan  |4 aut  |9 266780 
245 1 0 |a Neskorá zmena pravidiel  |c Milan Stanislav 
300 |b Fotogr. 
650 0 7 |a voľby parlamentné  |z Slovensko  |y 1998  |x zákony  |x novelizácia  |2 snkbucl  |9 897015 
655 7 |a články z novín a časopisov  |2 snkbucl  |2 snkbucl  |9 267496 
773 0 |t Pravda  |g Roč. 8, č. 39 (17.2.1998), s. 4 
850 |a Slovenská národná knižnica v Martine 
852 |a SNK  |b KIS3GCP 
958 |a RBX  |x rozpis článkov z periodík 
999 |c 1421721  |d 1423651